[Event "BRA-ch U26"]
[Site "Brasilia"]
[Date "2019.04.26"]
[Round "6"]
[White "Christoforo, Sergio Augusto de A"]
[Black "Carrico, Victor Hugo Ribeiro"]
[Result "0-1"]
[WhiteElo "1800"]
[BlackElo "1838"]
[PlyCount "49"]
[EventDate "2019.04.23"]
[EventType "swiss"]
[EventRounds "7"]
[EventCountry "BRA"]
[SourceTitle "CBM 190 Extra"]
[Source "ChessBase"]
[SourceDate "2019.07.15"]
[SourceVersion "1"]
[SourceVersionDate "2019.07.15"]
[SourceQuality "1"]

1. c4 Nf6 2. Nf3 g6 3. g3 Bg7 4. Bg2 0-0 5. d3 d5 6. cxd5 Nxd5 7. Qd2 c5 8. 0-0 Nc6 9. a3 b5 10. Nc3 Nxc3 11. bxc3 Rb8 12. Rb1 Qd6 13. Bb2 a5 14. c4 b4 15. Bxg7 Kxg7 16. h3 Bd7 17. Rb2 Qf6 18. Rfb1 bxa3 19. Rxb8 Rxb8 20. Qa2 Rxb1+ 21. Qxb1 Qb2 22. Qxb2+ axb2 23. Nd2 a4 24. Nb1 Nd4 25. Kf1 0-1

[Event "BRA-ch U26"]
[Site "Brasilia"]
[Date "2019.04.26"]
[Round "7"]
[White "Lima, Miguel Gabriel Pest"]
[Black "Christoforo, Sergio Augusto de A"]
[Result "1-0"]
[WhiteElo "1806"]
[BlackElo "1800"]
[PlyCount "75"]
[EventDate "2019.04.23"]
[EventType "swiss"]
[EventRounds "7"]
[EventCountry "BRA"]
[SourceTitle "CBM 190 Extra"]
[Source "ChessBase"]
[SourceDate "2019.07.15"]
[SourceVersion "1"]
[SourceVersionDate "2019.07.15"]
[SourceQuality "1"]

1. e4 c5 2. Nf3 d6 3. d4 cxd4 4. Nxd4 Nf6 5. Nc3 a6 6. Bd3 e6 7. Bg5 Nbd7 8. f4 Be7 9. Qf3 h6 10. Bh4 0-0 11. 0-0-0 Nc5 12. e5 Nxd3+ 13. Rxd3 dxe5 14. Nxe6 Qb6 15. Nxf8 Bxf8 16. fxe5 Nh7 17. g4 Be6 18. Rhd1 Ng5 19. Bxg5 hxg5 20. b3 Qb4 21. h3 Qf4+ 22. Qxf4 gxf4 23. Rd8 Rxd8 24. Rxd8 g6 25. Kd2 Kg7 26. Ne4 Be7 27. Rd3 g5 28. a4 a5 29. Nd6 Kg6 30. Nxb7 Bc8 31. Nd6 Ba6 32. c4 f6 33. Nf5 fxe5 34. Nxe7+ Kf6 35. Rd6+ Kxe7 36. Rxa6 e4 37. Rxa5 Kd6 38. Rxg5 1-0

[Event "BRA-ch U26"]
[Site "Brasilia"]
[Date "2019.04.24"]
[Round "3"]
[White "Da Costa, Roberto Rodrigues G"]
[Black "Christoforo, Sergio Augusto de A"]
[Result "1/2-1/2"]
[WhiteElo "1800"]
[BlackElo "1800"]
[PlyCount "70"]
[EventDate "2019.04.23"]
[EventType "swiss"]
[EventRounds "7"]
[EventCountry "BRA"]
[SourceTitle "CBM 190 Extra"]
[Source "ChessBase"]
[SourceDate "2019.07.15"]
[SourceVersion "1"]
[SourceVersionDate "2019.07.15"]
[SourceQuality "1"]

1. d4 Nf6 2. c4 g6 3. g3 d5 4. Bg2 dxc4 5. Qa4+ Nbd7 6. Qxc4 Nb6 7. Qc2 Bg7 8. Nf3 0-0 9. Nc3 c6 10. 0-0 Nbd5 11. e4 Nxc3 12. bxc3 Qc7 13. Ba3 Re8 14. Rad1 Bg4 15. h3 Bxf3 16. Bxf3 Rac8 17. c4 e5 18. d5 cxd5 19. exd5 Qxc4 20. Qxc4 Rxc4 21. Rb1 e4 22. Be2 Rc2 23. Bb5 Rd8 24. Be7 Rxd5 25. Rbc1 Rxc1 26. Rxc1 h6 27. Rc8+ Kh7 28. Bc4 Rd7 29. Bxf6 Bxf6 30. Re8 Re7 31. Rxe7 Bxe7 32. Bxf7 b6 33. a4 Bc5 34. Bd5 e3 35. fxe3 Bxe3+ 1/2-1/2